书目信息 |
| 题名: |
有机肥生产使用手册
|
|
| 作者: | 赵冰 主编 | |
| 分册: | ||
| 出版信息: | 北京 金盾出版社 2018重印 |
|
| 页数: | 315页 | |
| 开本: | 21cm | |
| 丛书名: | ||
| 单 册: | ||
| 中图分类: | S141 , S147.2 | |
| 科图分类: | ||
| 主题词: | 有机肥料--you ji fei liao--生产工艺 , 施肥--shi fei--基本知识 | |
| 电子资源: | ||
| ISBN: | 978-7-5082-7823-0 | |
| 000 | 00971nam0 2200289 45 | |
| 001 | 012001000641 | |
| 005 | 20140106141749.0 | |
| 010 | @a978-7-5082-7823-0@dCNY29.00 | |
| 099 | @aCAL 012014123479 | |
| 100 | @a20141017d2014 em y0chiy50 ea | |
| 101 | 0 | @achi |
| 102 | @aCN@b110000 | |
| 105 | @aa a 000yy | |
| 106 | @ar | |
| 200 | 1 | @a有机肥生产使用手册@Ayou ji fei sheng chan shi yong shou ce@f主编赵冰 |
| 210 | @a北京@c金盾出版社@d2018重印 | |
| 215 | @a315页@c图@d21cm | |
| 304 | @a赵冰, 封面误题: 赵兵 | |
| 320 | @a有书目 (第314-315页) | |
| 330 | @a本书介绍了各种有机肥的生产技术以及使用方法, 内容包括有机肥在植物生产中的作用原理, 有机肥的来源和种类, 农作物需肥规律及有机肥在不同农作物上的施用技术等。 | |
| 606 | 0 | @a有机肥料@Ayou ji fei liao@x生产工艺 |
| 606 | 0 | @a施肥@Ashi fei@x基本知识 |
| 690 | @aS141@v5 | |
| 690 | @aS147.2@v5 | |
| 701 | 0 | @a赵冰@Azhao bing@4主编 |
| 801 | 0 | @aCN@b北京卓展文化@c20191020 |
| 905 | @b1200751-5@dS141@e110@f5 | |
| 有机肥生产使用手册/主编赵冰.-北京:金盾出版社,2018重印 |
| 315页:图;21cm |
| ISBN 978-7-5082-7823-0:CNY29.00 |
| 本书介绍了各种有机肥的生产技术以及使用方法, 内容包括有机肥在植物生产中的作用原理, 有机肥的来源和种类, 农作物需肥规律及有机肥在不同农作物上的施用技术等。 |
| ● |
| 相关链接 |
|
|
|
|
正题名:有机肥生产使用手册
索取号:S141/110
 
预约/预借
| 序号 | 登录号 | 条形码 | 馆藏地/架位号 | 状态 | 备注 |
| 1 | 1200751 | 212007512 | 第二样本阅览室/ [索取号:S141/110] | 在馆 | |
| 2 | 1200752 | 212007521 | 第三借阅区/ [索取号:S141/110] | 在馆 | |
| 3 | 1200753 | 212007530 | 第三借阅区/ [索取号:S141/110] | 在馆 | |
| 4 | 1200754 | 212007549 | 第三借阅区/ [索取号:S141/110] | 在馆 | |
| 5 | 1200755 | 212007558 | 第三借阅区/ [索取号:S141/110] | 在馆 |